<?xml version='1.0' encoding='UTF-8'?>
  <record xmlns="http://www.loc.gov/MARC21/slim">
    <leader>00000cam a22000007i 4500</leader>
    <controlfield tag="001">ocn778390702</controlfield>
    <controlfield tag="003">OCoLC</controlfield>
    <controlfield tag="005">20250130170033.1</controlfield>
    <controlfield tag="008">090528s1665    ne            000 0 dut d</controlfield>
    <datafield tag="040" ind1=" " ind2=" ">
      <subfield code="a">NLGGC</subfield>
      <subfield code="b">dut</subfield>
      <subfield code="e">fobidrtb</subfield>
      <subfield code="c">NLGGC</subfield>
      <subfield code="d">OCLCO</subfield>
      <subfield code="d">OCLCA</subfield>
      <subfield code="d">OCLCL</subfield>
      <subfield code="d">OCLCQ</subfield>
    </datafield>
    <datafield tag="029" ind1="0" ind2=" ">
      <subfield code="a">NLGGC</subfield>
      <subfield code="b">318760479</subfield>
    </datafield>
    <datafield tag="035" ind1=" " ind2=" ">
      <subfield code="a">(OCoLC)778390702</subfield>
    </datafield>
    <datafield tag="100" ind1="1" ind2=" ">
      <subfield code="a">Brugge, Jacob Segersz. van der,</subfield>
      <subfield code="d">17e eeuw.</subfield>
      <subfield code="1">https://id.oclc.org/worldcat/entity/E39PCjwJpkPcTrfHgtQV34PHfq</subfield>
    </datafield>
    <datafield tag="245" ind1="1" ind2="0">
      <subfield code="a">Journael, of dagh-register, gehouden by seven matroosen, in haer overwinteren op Spitsbergen in Maurits-Bay, gelegen in Groenlandt, t' zedert het vertreck van de visschery-schepen der geoctroyeerde Noordtsche Compagnie, in Nederlandt, zijnde den 30. Augusty, 1633. tot de wederkomst der voorsz. schepen, den 27. May, anno 1634. /</subfield>
      <subfield code="c">Beschreven door den bevelhebber Jacob Segersz. van der Brugge.</subfield>
    </datafield>
    <datafield tag="260" ind1=" " ind2=" ">
      <subfield code="a">t' Amsterdam, :</subfield>
      <subfield code="b">gedruckt by Gillis Joosten Saeghman, #in de Nieuwe-Straet#, ordinaris drucker van de Journalen der Zee- en Landt-reysen,</subfield>
      <subfield code="c">[ca.1665]</subfield>
    </datafield>
    <datafield tag="300" ind1=" " ind2=" ">
      <subfield code="a">48 p. :</subfield>
      <subfield code="b">ill. ;</subfield>
      <subfield code="c">in-4.</subfield>
    </datafield>
    <datafield tag="336" ind1=" " ind2=" ">
      <subfield code="a">tekst</subfield>
      <subfield code="b">txt</subfield>
      <subfield code="2">rdacontent/dut</subfield>
    </datafield>
    <datafield tag="337" ind1=" " ind2=" ">
      <subfield code="a">zonder medium</subfield>
      <subfield code="b">n</subfield>
      <subfield code="2">rdamedia/dut</subfield>
    </datafield>
    <datafield tag="338" ind1=" " ind2=" ">
      <subfield code="a">band</subfield>
      <subfield code="b">nc</subfield>
      <subfield code="2">rdacarrier/dut</subfield>
    </datafield>
    <datafield tag="500" ind1=" " ind2=" ">
      <subfield code="a">A-F 4.</subfield>
    </datafield>
    <datafield tag="530" ind1=" " ind2=" ">
      <subfield code="a">Titel is geselecteerd voor digitalisering voor de Universiteit van Amsterdam in het kader van het Google Books-project.</subfield>
    </datafield>
    <datafield tag="710" ind1="0" ind2=" ">
      <subfield code="a">Saeghman, Gillis Joosten (Amsterdam)</subfield>
      <subfield code="4">prt</subfield>
      <subfield code="0">(NL-LeOCL)07715469X</subfield>
    </datafield>
    <datafield tag="776" ind1="0" ind2=" ">
      <subfield code="t">Journael, of dagh-register, gehouden by seven matroosen, in haer overwinteren op Spitsbergen in Maurits-Bay, gelegen in Groenlandt, t' zedert het vertreck van de visschery-schepen der geoctroyeerde Noordtsche Compagnie, in Nederlandt, zijnde den 30. Augusty, 1633. tot de wederkomst der voorsz. schepen, den 27. May, anno 1634.</subfield>
      <subfield code="w">(NL-LeOCL)357360613</subfield>
    </datafield>
    <datafield tag="776" ind1="0" ind2=" ">
      <subfield code="t">Journael, of dagh-register, gehouden by seven matroosen, in haer overwinteren op Spitsbergen in Maurits-Bay, gelegen in Groenlandt, t' zedert het vertreck van de visschery-schepen der geoctroyeerde Noordtsche Compagnie, in Nederlandt, zijnde den 30. Augusty, 1633. tot de wederkomst der voorsz. schepen, den 27. May, anno 1634.</subfield>
      <subfield code="w">(NL-LeOCL)394975383</subfield>
    </datafield>
    <datafield tag="776" ind1="0" ind2=" ">
      <subfield code="t">Journael, of dagh-register, gehouden by seven matroosen, in haer overwinteren op Spitsbergen in Maurits-Bay, gelegen in Groenlandt, t' zedert het vertreck van de visschery-schepen der geoctroyeerde Noordtsche Compagnie, in Nederlandt, zijnde den 30. Augusty, 1633. tot de wederkomst der voorsz. schepen, den 27. May, anno 1634.</subfield>
      <subfield code="w">(NL-LeOCL)402043529</subfield>
    </datafield>
    <datafield tag="936" ind1=" " ind2=" ">
      <subfield code="a">BATCHLOAD</subfield>
    </datafield>
  </record>